Statistics for Artificial Intelligence Trivia: A Quiz by AI

Click here to take the quiz!

General Stats

  • This quiz has been taken 35 times
  • The average score is 8 of 26

Answer Stats

HintAnswer% Correct
What is AI short for?Artificial Intelligence
97%
What species is most likely to fall first to the domination of AI robots?Humans
76%
What AI-powered virtual assistant is found on Apple devices?Siri
62%
What company developed the AI-powered virtual assistant Alexa?Amazon
55%
What does NLP stand for?Natural {Language} Processing
55%
Who played the lead role in the movie "The Terminator"?Arnold Schwarzenegger
48%
What is the name of the AI system in the "Iron Man" movie franchise?JARVIS
31%
What is the process of using an AI model to make predictions from data?Inference
28%
What AI model uses interconnected nodes to simulate the human brain?Neural Network
28%
What learning allows AI to learn on its own, without being explicitly monitored?Unsupervised
28%
What is the process where AI uses existing data to identify patterns?Data {Mining}
24%
What is the process of training an AI model with large amounts of data called?Deep Learning
24%
What AI does Wall-E fall in love within the 2008 Pixar film "Wall-E"?EVE
24%
What is the name of the process where an AI system is used to produce new data or material?{Generative} Learning
24%
What 1982 sci-fi film features a detective tasked with retiring AI replicants?Blade Runner
21%
What is the name of the famous chess-playing AI algorithm?Deep Blue
21%
Who provides the voice for the AI in the 2013 film "Her"?Scarlett Johansson
21%
What is the first movie to feature a sentient AI character?2001: A Space Odyssey
17%
What is the main AI character and antagonist in the movie "The Matrix"?Agent Smith
17%
What 2014 sci-fi film stars Oscar Isaac and features a humanoid AI experiment?Ex Machina
17%
What is the nickname for OpenAI's language model?GPT-3
17%
What is the process for determining the accuracy of an AI model?V{alidation}
17%
What is the name of the AI system used to recommend news articles and media?{Content}-Based Filtering
7%
Who played the lead role in the movie "A.I. Artificial Intelligence"?Haley Joel Osment
7%
In what television game show did Watson, an AI system, defeat human champions?Jeopardy
7%
What AI lab created the robotics system Boston Dynamics?MIT
3%

Score Distribution

Percentile by Number Answered

Percent of People with Each Score

Your Score History

You have not taken this quiz